[Event "Treviso Master op 3rd"]
[Site "Treviso"]
[Date "2019.03.31"]
[Round "4.13"]
[White "Ghiotto, Marco Luigi"]
[Black "Solinas, Carlo"]
[Result "0-1"]
[WhiteElo "1998"]
[BlackElo "1988"]
[PlyCount "62"]
[EventDate "2019.03.29"]
[EventType "swiss"]
[EventRounds "5"]
[EventCountry "ITA"]
[SourceTitle "EXT 2024"]
[Source "ChessBase"]
[SourceDate "2023.10.10"]
[SourceVersion "1"]
[SourceVersionDate "2023.10.10"]
[SourceQuality "1"]

1. d4 Nf6 2. c4 g6 3. Nf3 Bg7 4. Nc3 0-0 5. g3 d6 6. Bg2 c6 7. 0-0 Qa5 8. e4 Bg4 9. h3 Bxf3 10. Bxf3 Nfd7 11. Be3 a6 12. a3 c5 13. b4 Qd8 14. Ne2 Nc6 15. bxc5 dxc5 16. Rb1 cxd4 17. Nxd4 Qc7 18. Nxc6 bxc6 19. Qc2 Be5 20. Bg2 Rfb8 21. f4 Bg7 22. e5 e6 23. Qa4 Rc8 24. Rfd1 Bf8 25. Bxc6 Nc5 26. Bxc5 Bxc5+ 27. Kg2 Qxc6+ 28. Qxc6 Rxc6 29. Rd7 Bxa3 30. Rbb7 Rf8 31. Kf3 Rxc4 0-1

[Event "Pardubice Czech op-B 28th"]
[Site "Pardubice"]
[Date "2017.07.25"]
[Round "5"]
[White "Solinas, Carlo"]
[Black "Pycha, Patrik"]
[Result "1/2-1/2"]
[WhiteElo "1942"]
[BlackElo "2060"]
[PlyCount "25"]
[EventDate "2017.07.21"]
[EventType "swiss"]
[EventRounds "9"]
[EventCountry "CZE"]
[SourceTitle "CBM 179 Extra"]
[Source "ChessBase"]
[SourceDate "2017.08.23"]
[SourceVersion "1"]
[SourceVersionDate "2017.08.23"]
[SourceQuality "1"]

1. e4 e5 2. Nf3 Nc6 3. d4 exd4 4. Bc4 Nf6 5. 0-0 Nxe4 6. Re1 d5 7. Bxd5 Qxd5 8. Nc3 Qa5 9. Nxe4 Be6 10. Bd2 Qd5 11. Bg5 Be7 12. Bxe7 Nxe7 13. Qxd4 1/2-1/2

[Event "Pardubice Czech op-B 28th"]
[Site "Pardubice"]
[Date "2017.07.23"]
[Round "3"]
[White "Zanikov, Konstantin"]
[Black "Solinas, Carlo"]
[Result "0-1"]
[WhiteElo "2084"]
[BlackElo "1942"]
[PlyCount "88"]
[EventDate "2017.07.21"]
[EventType "swiss"]
[EventRounds "9"]
[EventCountry "CZE"]
[SourceTitle "CBM 179 Extra"]
[Source "ChessBase"]
[SourceDate "2017.08.23"]
[SourceVersion "1"]
[SourceVersionDate "2017.08.23"]
[SourceQuality "1"]

1. e4 e5 2. Nf3 Nc6 3. d4 exd4 4. Nxd4 Qf6 5. Be3 Bc5 6. c3 Qg6 7. Nb5 Bxe3 8. Nxc7+ Kd8 9. Nxa8 Bc5 10. Nd2 b6 11. b4 Be7 12. Qf3 Ne5 13. Qe3 Bb7 14. Nxb6 axb6 15. Be2 Nh6 16. Qd4 Qd6 17. Qxd6 Bxd6 18. 0-0 g5 19. a4 f5 20. f3 f4 21. Rfd1 Ke7 22. a5 bxa5 23. bxa5 Bc5+ 24. Kf1 g4 25. Nb3 Be3 26. a6 Ba8 27. Nd4 gxf3 28. Bxf3 Nxf3 29. gxf3 Rg8 30. a7 Rg1+ 31. Ke2 Rg2+ 32. Kd3 Nf7 33. Ra5 d6 34. Nf5+ Ke6 35. Nxe3 fxe3 36. Kxe3 Ne5 37. Ra6 Nc4+ 38. Kf4 Rg7 39. Rb1 Rf7+ 40. Kg4 Ne5+ 41. Kh5 Rxf3 42. Rb8 Rh3+ 43. Kg5 h6+ 44. Kf4 Rf3# 0-1

[Event "Lignano Sabbiadoro op 2nd"]
[Site "Lignano Sabbiadoro"]
[Date "2016.07.31"]
[Round "1"]
[White "Begelman, Boris"]
[Black "Solinas, Carlo"]
[Result "1-0"]
[WhiteElo "2220"]
[BlackElo "2023"]
[PlyCount "93"]
[EventDate "2016.07.31"]
[EventType "swiss"]
[EventRounds "9"]
[EventCountry "ITA"]
[SourceTitle "CBM 173 Extra"]
[Source "ChessBase"]
[SourceDate "2016.08.29"]
[SourceVersion "1"]
[SourceVersionDate "2016.08.29"]
[SourceQuality "1"]

1. e4 e5 2. Nf3 Nc6 3. Bb5 f5 4. d3 fxe4 5. dxe4 Nf6 6. 0-0 d6 7. Nc3 Be7 8. Qd3 Bg4 9. h3 Bxf3 10. Qxf3 0-0 11. Ne2 Qe8 12. Qc3 Kh8 13. Ng3 a6 14. Bxc6 bxc6 15. Be3 d5 16. exd5 Nxd5 17. Qc4 Qg6 18. Qe4 Qe6 19. Rad1 Rf7 20. Bd4 Bd6 21. c4 Nf4 22. Be3 Be7 23. Rfe1 Bg5 24. Rd2 Raf8 25. Red1 g6 26. b3 h5 27. Re1 h4 28. Nf1 Rf5 29. Nh2 Be7 30. Bxf4 Rxf4 31. Qxe5+ Qxe5 32. Rxe5 Bd6 33. Ree2 a5 34. Nf3 a4 35. Rd4 axb3 36. axb3 Rxd4 37. Nxd4 Ra8 38. Kf1 Bb4 39. g4 hxg3 40. fxg3 Bd6 41. Kg2 Ra3 42. Re3 Bc5 43. Re8+ Kh7 44. Ne6 Ra2+ 45. Kf3 Rf2+ 46. Kg4 Bd6 47. c5 1-0

[Event "Lignano Sabbiadoro op 1st"]
[Site "Lignano Sabbiadoro"]
[Date "2015.08.08"]
[Round "9.8"]
[White "Vuelban, Virgilio"]
[Black "Solinas, Carlo"]
[Result "1/2-1/2"]
[WhiteElo "2349"]
[BlackElo "1987"]
[PlyCount "108"]
[EventDate "2015.08.01"]
[EventType "swiss"]
[EventRounds "9"]
[EventCountry "ITA"]
[SourceTitle "EXT 2024"]
[Source "ChessBase"]
[SourceDate "2023.10.10"]
[SourceVersion "1"]
[SourceVersionDate "2023.10.10"]
[SourceQuality "1"]

1. d4 Nf6 2. c4 g6 3. Nc3 Bg7 4. e4 d6 5. Be2 0-0 6. Nf3 e5 7. 0-0 Nc6 8. d5 Ne7 9. b4 Nh5 10. Re1 f5 11. Ng5 Nf4 12. Bf1 h6 13. Nf3 fxe4 14. Nd2 Nd3 15. Bxd3 exd3 16. Nde4 Nf5 17. Qxd3 Qh4 18. c5 Nd4 19. Be3 Bf5 20. f3 Rad8 21. Qd2 Kh7 22. Qd1 g5 23. cxd6 cxd6 24. Ng3 Bg6 25. Nce4 Rf7 26. Rc1 Rfd7 27. Rc4 Rf8 28. a4 Rff7 29. b5 Bxe4 30. fxe4 Rf4 31. Bxf4 gxf4 32. Nf5 Qg5 33. Nxd4 exd4 34. Qc2 Be5 35. Rc7 Qg7 36. Rxd7 Qxd7 37. Rc1 Qg4 38. Qd3 Qh4 39. h3 Qg5 40. Kf1 Kg6 41. Rc8 Kh7 42. Qf3 h5 43. Rc7+ Kh6 44. a5 Qd8 45. b6 axb6 46. axb6 Qa8 47. Qd3 Qa1+ 48. Ke2 Qb2+ 49. Qc2 d3+ 50. Kxd3 Qd4+ 51. Ke2 Qe3+ 52. Kf1 Bd4 53. e5 Qg1+ 54. Ke2 Qe3+ 1/2-1/2

[Event "Lignano Sabbiadoro op 1st"]
[Site "Lignano Sabbiadoro"]
[Date "2015.08.06"]
[Round "7.5"]
[White "Micottis, Dorian"]
[Black "Solinas, Carlo"]
[Result "1-0"]
[WhiteElo "2228"]
[BlackElo "1987"]
[PlyCount "59"]
[EventDate "2015.08.01"]
[EventType "swiss"]
[EventRounds "9"]
[EventCountry "ITA"]
[SourceTitle "EXT 2024"]
[Source "ChessBase"]
[SourceDate "2023.10.10"]
[SourceVersion "1"]
[SourceVersionDate "2023.10.10"]
[SourceQuality "1"]

1. d4 Nf6 2. Nf3 g6 3. g3 Bg7 4. Bg2 0-0 5. 0-0 d6 6. c4 c6 7. b3 Qa5 8. Bb2 Qh5 9. Nbd2 Bg4 10. Qc2 Nbd7 11. e4 e5 12. dxe5 Nxe5 13. Nxe5 dxe5 14. f3 Bh3 15. c5 Bxg2 16. Kxg2 Nd7 17. b4 b5 18. cxb6 axb6 19. Nc4 b5 20. Rfd1 Ra7 21. Na5 Rc7 22. Rd6 Rfc8 23. Rad1 Nb6 24. Rd8+ Bf8 25. Bc1 Kg7 26. Qf2 Rxd8 27. Rxd8 Be7 28. Re8 Nc4 29. Rxe7 Rxe7 30. g4 1-0

[Event "Cavarzere op 14th"]
[Site "Cavarzere"]
[Date "2011.10.23"]
[Round "6.6"]
[White "Gallo, Enrico"]
[Black "Solinas, Carlo"]
[Result "0-1"]
[WhiteElo "2066"]
[BlackElo "1994"]
[PlyCount "120"]
[EventDate "2011.10.15"]
[EventType "swiss"]
[EventRounds "6"]
[EventCountry "ITA"]
[SourceTitle "EXT 2023"]
[Source "ChessBase"]
[SourceDate "2022.10.05"]
[SourceVersion "1"]
[SourceVersionDate "2022.10.05"]
[SourceQuality "1"]

1. e4 e5 2. Nf3 Nc6 3. Bc4 Nf6 4. d3 Be7 5. 0-0 0-0 6. a3 d6 7. h3 Kh8 8. c3 Ng8 9. b4 f5 10. Nbd2 fxe4 11. dxe4 Qe8 12. Nh2 Qg6 13. Kh1 Nd8 14. Qe2 Ne6 15. Ndf3 Nf4 16. Bxf4 Rxf4 17. Bd3 Be6 18. Ng1 Raf8 19. Rae1 Qf6 20. f3 Qg6 21. g4 Bh4 22. Rd1 Qf6 23. Qg2 Ne7 24. Ne2 Ng6 25. Rg1 Qf7 26. Nxf4 Nxf4 27. Qf1 c6 28. Rd2 g6 29. c4 Qc7 30. Qb1 Nxh3 31. Rgd1 Bg5 32. Qc2 Bxd2 33. Qxd2 Nf4 34. Bf1 Rd8 35. Qf2 b6 36. Qh4 Rf8 37. c5 bxc5 38. bxc5 d5 39. exd5 Bxd5 40. Re1 Qg7 41. g5 Rf5 42. Rb1 Rf8 43. Ba6 Nh5 44. Rb7 Rf7 45. Rb8+ Rf8 46. Rb7 Qg8 47. Qe1 Qe6 48. Qe3 Ng3+ 49. Kg1 Nf5 50. Qe1 Nd4 51. Qh4 Qg8 52. Qg3 Qe6 53. Qh4 Qg8 54. Qg3 Rf5 55. Rc7 Be6 56. Bd3 Qd8 57. Bxf5 Ne2+ 58. Kf2 Nxg3 59. Bxe6 Qxc7 60. Kxg3 Qe7 0-1

[Event "Cavarzere op 14th"]
[Site "Cavarzere"]
[Date "2011.10.22"]
[Round "4.14"]
[White "De Polo, Maurizio"]
[Black "Solinas, Carlo"]
[Result "0-1"]
[WhiteElo "1527"]
[BlackElo "1994"]
[PlyCount "104"]
[EventDate "2011.10.15"]
[EventType "swiss"]
[EventRounds "6"]
[EventCountry "ITA"]
[SourceTitle "EXT 2023"]
[Source "ChessBase"]
[SourceDate "2022.10.05"]
[SourceVersion "1"]
[SourceVersionDate "2022.10.05"]
[SourceQuality "1"]

1. e4 e5 2. Nf3 Nc6 3. Bc4 Nf6 4. d3 Be7 5. 0-0 0-0 6. Nc3 d6 7. Nd5 Bg4 8. h3 Bxf3 9. Qxf3 Nd4 10. Nxf6+ Bxf6 11. Qd1 Qe7 12. a4 c6 13. c3 Ne6 14. Bb3 Bg5 15. Bxe6 fxe6 16. Bxg5 Qxg5 17. Qe2 Rf6 18. Rad1 Raf8 19. Qe3 Qh5 20. Rd2 b6 21. b4 Rf3 22. gxf3 Rxf3 23. Re2 Rxh3 24. Qxh3 Qxh3 25. Re3 Qg4+ 26. Kh2 Qf4+ 27. Kg2 Qg5+ 28. Kh2 Qf6 29. Kg2 g5 30. Rf3 Qg6 31. Rh1 h5 32. Rg3 Kf7 33. Kf1 d5 34. Rhg1 Kf6 35. Rf3+ Ke7 36. Rfg3 Kf6 37. Rf3+ Kg7 38. Rfg3 Kh6 39. f3 Qf6 40. Ke2 Qf4 41. R3g2 d4 42. cxd4 exd4 43. Kd1 Qxf3+ 44. Kc2 g4 45. Rh2 g3 46. Rd2 h4 47. Kb3 Qe3 48. Rgg2 h3 49. Rge2 Qxd2 50. Rxd2 h2 51. Kc4 h1Q 52. a5 Qc1+ 0-1

[Event "Cavarzere op 14th"]
[Site "Cavarzere"]
[Date "2011.10.16"]
[Round "3.10"]
[White "Lodici, Lorenzo"]
[Black "Solinas, Carlo"]
[Result "1-0"]
[WhiteElo "1723"]
[BlackElo "1994"]
[PlyCount "117"]
[EventDate "2011.10.15"]
[EventType "swiss"]
[EventRounds "6"]
[EventCountry "ITA"]
[SourceTitle "EXT 2023"]
[Source "ChessBase"]
[SourceDate "2022.10.05"]
[SourceVersion "1"]
[SourceVersionDate "2022.10.05"]
[SourceQuality "1"]

1. Nf3 f5 2. d4 Nf6 3. e3 e6 4. Be2 Be7 5. c4 d6 6. Nc3 0-0 7. 0-0 Qe8 8. Qc2 Qg6 9. Bd3 Nc6 10. a3 Qh5 11. e4 fxe4 12. Nxe4 Ng4 13. Ng3 Qe8 14. Bxh7+ Kh8 15. Bg6 Qd7 16. h3 Nh6 17. Re1 Rxf3 18. Bxh6 gxh6 19. gxf3 Nxd4 20. Qe4 e5 21. Rad1 c5 22. b4 Qc6 23. Kg2 Ne6 24. Qxc6 bxc6 25. Be4 Nd4 26. bxc5 dxc5 27. f4 exf4 28. Rxd4 cxd4 29. Bxc6 Rb8 30. Rxe7 fxg3 31. Re8+ Kg7 32. Bd7 d3 33. Rxc8 d2 34. Rc7 Rd8 35. Kxg3 Kf6 36. Bg4 Rd3+ 37. Kh4 Rd4 38. f4 a5 39. a4 Rxf4 40. Rd7 Rxc4 41. Rxd2 Rxa4 42. Kh5 Ra1 43. Kxh6 a4 44. h4 a3 45. h5 Rg1 46. Rf2+ Ke7 47. Re2+ Kf6 48. Be6 Rh1 49. Ba2 Rh3 50. Rf2+ Ke7 51. Kg6 Rg3+ 52. Kh7 Rg5 53. h6 Rg3 54. Kh8 Rh3 55. h7 Rg3 56. Rf7+ Ke8 57. Rg7 Rf3 58. Rg6 Rf2 59. Kg7 1-0

[Event "Venice Autumn op 15th"]
[Site "Venice"]
[Date "2009.10.31"]
[Round "2"]
[White "Solinas, Carlo"]
[Black "Faccia, Sergio"]
[Result "1/2-1/2"]
[WhiteElo "2045"]
[BlackElo "2023"]
[PlyCount "22"]
[EventDate "2009.10.30"]
[EventType "swiss"]
[EventRounds "5"]
[EventCountry "ITA"]
[SourceTitle "EXT 2012"]
[Source "ChessBase"]
[SourceDate "2011.11.24"]
[SourceVersion "1"]
[SourceVersionDate "2011.11.24"]
[SourceQuality "1"]

1. e4 e5 2. Nf3 Nc6 3. Bc4 Nf6 4. d4 exd4 5. 0-0 Bc5 6. e5 d5 7. exf6 dxc4 8. Re1+ Be6 9. Ng5 Qd5 10. Nc3 Qf5 11. Nce4 0-0-0 1/2-1/2

[Event "Conegliano op"]
[Site "Conegliano"]
[Date "2008.06.01"]
[Round "4"]
[White "Codenotti, Marco"]
[Black "Solinas, Carlo"]
[Result "1-0"]
[WhiteElo "2063"]
[BlackElo "2087"]
[PlyCount "89"]
[EventDate "2008.05.31"]
[EventType "swiss"]
[EventRounds "6"]
[EventCountry "ITA"]
[SourceTitle "CBM 124 Extra"]
[Source "ChessBase"]
[SourceDate "2008.07.03"]
[SourceVersion "1"]
[SourceVersionDate "2008.07.03"]
[SourceQuality "1"]

1. e4 e5 2. Nf3 Nc6 3. Bb5 f5 4. d3 fxe4 5. dxe4 Nf6 6. Nc3 d6 7. Qd3 Be7 8. Qc4 Bd7 9. Ng5 Rf8 10. Ne6 Bxe6 11. Qxe6 Qd7 12. Qc4 a6 13. Ba4 Rb8 14. Qd3 Kf7 15. Bb3+ Ke8 16. a3 Nd4 17. Ba2 Qg4 18. Be3 c5 19. h3 Qd7 20. 0-0 b5 21. Bxd4 cxd4 22. Nd5 g5 23. c3 Nh5 24. cxd4 Nf4 25. Nxf4 exf4 26. f3 Rf6 27. e5 dxe5 28. Qxh7 Qf5 29. Qh5+ Kd8 30. dxe5 Bc5+ 31. Kh1 Qxe5 32. Rfe1 Be3 33. Qh8+ Kc7 34. Qg7+ Kb6 35. Rad1 Rb7 36. Qh8 Qe7 37. Bd5 Rf8 38. Qh6+ Rf6 39. Qxg5 Rc7 40. Be4 Bf2 41. Re2 Rc5 42. Qg4 Qd6 43. Rxd6+ Rxd6 44. Rxf2 Rd1+ 45. Kh2 1-0

[Event "Conegliano op"]
[Site "Conegliano"]
[Date "2008.06.01"]
[Round "3"]
[White "Solinas, Carlo"]
[Black "Boscolo Meneguolo, Federico"]
[Result "0-1"]
[WhiteElo "2087"]
[BlackElo "1930"]
[PlyCount "140"]
[EventDate "2008.05.31"]
[EventType "swiss"]
[EventRounds "6"]
[EventCountry "ITA"]
[SourceTitle "CBM 124 Extra"]
[Source "ChessBase"]
[SourceDate "2008.07.03"]
[SourceVersion "1"]
[SourceVersionDate "2008.07.03"]
[SourceQuality "1"]

1. e4 e5 2. d4 exd4 3. f4 Nc6 4. a3 d5 5. e5 Nge7 6. Bd3 g6 7. Nf3 Bg7 8. 0-0 0-0 9. Qe2 Nf5 10. Qf2 f6 11. e6 Bxe6 12. g4 Nd6 13. Qh4 f5 14. Ng5 h6 15. Qe1 Re8 16. Nxe6 Qc8 17. Nd2 Qxe6 18. Qxe6+ Rxe6 19. gxf5 Nxf5 20. Nf3 Na5 21. b3 c5 22. Bd2 b6 23. Rae1 Rae8 24. Bxf5 gxf5 25. Nh4 Rxe1 26. Rxe1 Rxe1+ 27. Bxe1 d3 28. cxd3 Nxb3 29. Nxf5 Bb2 30. a4 c4 31. Ne7+ Kf7 32. Nxd5 cxd3 33. Bf2 Nc5 34. Be3 Nxa4 35. f5 Nc3 36. Nb4 a5 37. Nxd3 a4 38. Nb4 a3 39. Bxb6 a2 40. Nxa2 Nxa2 41. Be3 h5 42. Bg5 Bf6 43. h4 Nc3 44. Kg2 Ne4 45. Bf4 Bxh4 46. Kf3 Nf6 47. Bb8 Nd7 48. Bc7 Bg5 49. Ke4 Nf6+ 50. Kf3 Nd5 51. Be5 Bd2 52. Ke4 Ne7 53. Bg3 Kf6 54. Be5+ Kg5 55. f6 Ng6 56. f7 Bb4 57. Bd4 Kg4 58. Bf6 Bf8 59. Bd8 Ne7 60. Bc7 h4 61. Ke5 Ng6+ 62. Ke4 Ne7 63. Ke5 Kf3 64. Ke6 Ng6 65. Kf5 Nh8 66. Ke6 h3 67. Bb8 Nxf7 68. Kxf7 Bh6 69. Bh2 Bf4 70. Bg1 Kg2 0-1

[Event "Noale Szabados Memorial-A 1st"]
[Site "Noale"]
[Date "2008.02.10"]
[Round "4"]
[White "Solinas, Carlo"]
[Black "Zangrando, Gianpietro"]
[Result "1-0"]
[WhiteElo "2047"]
[BlackElo "1830"]
[PlyCount "63"]
[EventDate "2008.02.08"]
[EventType "swiss"]
[EventRounds "5"]
[EventCountry "ITA"]
[SourceTitle "EXT 2022"]
[Source "ChessBase"]
[SourceDate "2021.10.06"]
[SourceVersion "1"]
[SourceVersionDate "2021.10.06"]
[SourceQuality "1"]

1. e4 e6 2. d4 d5 3. Nc3 Bb4 4. e5 Bd7 5. Qg4 Bf8 6. Nf3 Nc6 7. a3 Qe7 8. Bd3 0-0-0 9. b4 f6 10. b5 Na5 11. 0-0 f5 12. Qg3 h6 13. Bxf5 exf5 14. Nxd5 Qf7 15. e6 Bxe6 16. Ne5 Bd6 17. Nxf7 Bxg3 18. Nxh8 Bxd5 19. hxg3 Ne7 20. Re1 Kd7 21. Bd2 Nc4 22. Bb4 Nd6 23. c4 Bxc4 24. Rac1 Bd5 25. Rxe7+ Kxe7 26. Ng6+ Kf6 27. Nf4 Nxb5 28. a4 Nxd4 29. Rxc7 Nc6 30. Bc3+ Ne5 31. Nxd5+ Rxd5 32. f4 1-0

[Event "Noale Szabados Memorial-A 1st"]
[Site "Noale"]
[Date "2008.02.10"]
[Round "5"]
[White "Xia, Jie"]
[Black "Solinas, Carlo"]
[Result "0-1"]
[WhiteElo "2222"]
[BlackElo "2047"]
[PlyCount "90"]
[EventDate "2008.02.08"]
[EventType "swiss"]
[EventRounds "5"]
[EventCountry "ITA"]
[SourceTitle "EXT 2022"]
[Source "ChessBase"]
[SourceDate "2021.10.06"]
[SourceVersion "1"]
[SourceVersionDate "2021.10.06"]
[SourceQuality "1"]

1. d4 Nf6 2. Nf3 g6 3. Bg5 Bg7 4. Nbd2 d5 5. e3 0-0 6. Bd3 Nbd7 7. 0-0 Re8 8. c4 e6 9. b4 h6 10. Bh4 g5 11. Bg3 Nh5 12. Qb3 Nxg3 13. hxg3 c6 14. b5 g4 15. Nh2 Qg5 16. bxc6 bxc6 17. Qa4 Nb6 18. Qxc6 Ba6 19. Rfc1 Rac8 20. Qd6 Bf8 21. Qf4 Qxf4 22. gxf4 dxc4 23. Bf1 f5 24. a4 Bb4 25. Rc2 Bxd2 26. Rxd2 c3 27. Rc2 Bxf1 28. Nxf1 Nd5 29. Rac1 Rc4 30. Ng3 Rec8 31. e4 Nb4 32. Re2 Nd3 33. Rxc3 Rxc3 34. exf5 Nxf4 35. Re4 Rc1+ 36. Kh2 Nd3 37. fxe6 Nxf2 38. Rf4 h5 39. Nf5 Rh1+ 40. Kg3 h4+ 41. Kxf2 Rc2+ 42. Ke3 Rxg2 43. d5 h3 44. Ke4 h2 45. Ne3 Re2 0-1

[Event "Noale Szabados Memorial-A 1st"]
[Site "Noale"]
[Date "2008.02.08"]
[Round "1"]
[White "Solinas, Carlo"]
[Black "Gromovs, Sergejs"]
[Result "0-1"]
[WhiteElo "2047"]
[BlackElo "2378"]
[PlyCount "118"]
[EventDate "2008.02.08"]
[EventType "swiss"]
[EventRounds "5"]
[EventCountry "ITA"]
[SourceTitle "EXT 2022"]
[Source "ChessBase"]
[SourceDate "2021.10.06"]
[SourceVersion "1"]
[SourceVersionDate "2021.10.06"]
[SourceQuality "1"]

1. e4 c5 2. d4 cxd4 3. c3 d3 4. c4 Nf6 5. Bxd3 Nc6 6. Nc3 g6 7. Nf3 d6 8. h3 Bg7 9. 0-0 0-0 10. Be3 Bd7 11. Qd2 Re8 12. Rac1 b6 13. Rfd1 Rc8 14. b3 Qc7 15. Be2 Qb7 16. Ne1 a6 17. f4 b5 18. c5 b4 19. Na4 Nxe4 20. Qd3 Nc3 21. Qxa6 Qxa6 22. Bxa6 Ra8 23. Nxc3 bxc3 24. Bc4 Rxa2 25. cxd6 exd6 26. Rxd6 Rxe3 27. Rxd7 Re7 28. Rxe7 Nxe7 29. Nc2 Rb2 30. Kf2 Nf5 31. Ke2 Nd4+ 32. Kd3 Nxb3 33. Bxb3 Rxb3 34. Re1 Rb8 35. g3 Rd8+ 36. Ke3 Kf8 37. Re2 Ke7 38. g4 Kd6 39. Kf3 Rd7 40. Re4 Kc5 41. h4 Rd3+ 42. Re3 Rd2 43. Ne1 Rd7 44. Re8 f5 45. Rc8+ Kb4 46. Rb8+ Kc4 47. Rc8+ Kb3 48. Rb8+ Ka2 49. gxf5 gxf5 50. Rb5 Rd1 51. Ke2 Rd2+ 52. Kf3 Bf6 53. Ke3 Bd4+ 54. Kf3 Rf2+ 55. Kg3 Re2 56. Ra5+ Kb3 57. Nf3 Bf2+ 58. Kh3 c2 59. Rb5+ Ka4 0-1

[Event "Montebelluna Week End"]
[Site "Montebelluna"]
[Date "2007.12.30"]
[Round "6.7"]
[White "Solinas, Carlo"]
[Black "Verducci, Gianni"]
[Result "1/2-1/2"]
[WhiteElo "2050"]
[BlackElo "2018"]
[PlyCount "120"]
[EventDate "2007.12.27"]
[EventType "swiss"]
[EventRounds "7"]
[EventCountry "ITA"]
[SourceTitle "EXT 2024"]
[Source "ChessBase"]
[SourceDate "2023.10.10"]
[SourceVersion "1"]
[SourceVersionDate "2023.10.10"]
[SourceQuality "1"]

1. e4 e6 2. d4 d5 3. Nc3 Bb4 4. e5 c5 5. a3 Ba5 6. b4 cxd4 7. Qxd4 Bb6 8. Qg4 Ne7 9. Nf3 a6 10. Bd3 Nbc6 11. 0-0 g6 12. Bg5 Qc7 13. Bf6 Rg8 14. a4 h5 15. Qf4 Nf5 16. a5 Bd4 17. Nxd4 Ncxd4 18. Na4 Bd7 19. Nb6 Rb8 20. Bxf5 Ne2+ 21. Kh1 Nxf4 22. Bd3 Nxd3 23. cxd3 Bc6 24. f4 d4 25. Rac1 Rd8 26. Rc5 h4 27. h3 g5 28. fxg5 Rg6 29. Rf4 Rd5 30. Rxh4 Rg8 31. Nxd5 exd5 32. Rxd4 Qd7 33. g4 Qe6 34. Rc1 Rg6 35. Re1 Bd7 36. Rf4 d4 37. Rxd4 Bc6+ 38. Kg1 Rxf6 39. gxf6 Qa2 40. Ree4 Bxe4 41. Rxe4 Qb1+ 42. Kf2 Qxd3 43. Re3 Qd4 44. Kf3 Qxb4 45. h4 Qxa5 46. h5 Qd5+ 47. Kf4 Qd4+ 48. Re4 Qd2+ 49. Kf5 b5 50. g5 b4 51. g6 Qf2+ 52. Rf4 Qc2+ 53. Kg5 b3 54. g7 Qh7 55. Rb4 Kd7 56. Rb8 b2 57. Rxb2 Ke6 58. Rb8 Qf5+ 59. Kh6 Qf4+ 60. Kh7 Qf5+ 1/2-1/2

[Event "Montebelluna Week End"]
[Site "Montebelluna"]
[Date "2007.12.29"]
[Round "4.7"]
[White "Broli, Carlo"]
[Black "Solinas, Carlo"]
[Result "1-0"]
[WhiteElo "1886"]
[BlackElo "2050"]
[PlyCount "111"]
[EventDate "2007.12.27"]
[EventType "swiss"]
[EventRounds "7"]
[EventCountry "ITA"]
[SourceTitle "EXT 2024"]
[Source "ChessBase"]
[SourceDate "2023.10.10"]
[SourceVersion "1"]
[SourceVersionDate "2023.10.10"]
[SourceQuality "1"]

1. c4 e5 2. Nc3 f5 3. g3 Nf6 4. d3 Be7 5. Bg2 c6 6. Bg5 0-0 7. e3 h6 8. Bxf6 Bxf6 9. Nge2 d6 10. 0-0 Na6 11. Rb1 Be6 12. b4 Nc7 13. b5 d5 14. bxc6 bxc6 15. Qa4 Bd7 16. cxd5 cxd5 17. Qa5 Bc6 18. d4 e4 19. Rfc1 Qd7 20. Na4 Ne6 21. Nc5 Nxc5 22. Qxc5 Rfc8 23. Qa5 Bd8 24. Qd2 g5 25. Rc2 Bb5 26. Rxc8 Rxc8 27. Nc1 Bc4 28. Bf1 Qa4 29. Rb4 Ba5 30. Rxa4 Bxd2 31. Nb3 Bxb3 32. axb3 a5 33. Ra2 Bb4 34. Bb5 Rc7 35. Ba4 g4 36. Kg2 Kg7 37. h3 gxh3+ 38. Kxh3 Kf6 39. Ra1 Rc2 40. Kg2 Kg5 41. Rh1 Bd2 42. Kh3 Bb4 43. Kg2 Rc8 44. Bd7 Rc3 45. Rb1 h5 46. Be6 h4 47. gxh4+ Kxh4 48. Bxf5 Rc6 49. Bd7 Rg6+ 50. Kf1 Rd6 51. Ba4 Kh3 52. Rc1 Rd8 53. Rc7 Rg8 54. Bc6 Rg5 55. Rh7+ Kg4 56. Bd7+ 1-0

[Event "Montebelluna Week End"]
[Site "Montebelluna"]
[Date "2007.12.28"]
[Round "2.8"]
[White "Ricci, Alfredo"]
[Black "Solinas, Carlo"]
[Result "1/2-1/2"]
[WhiteElo "2010"]
[BlackElo "2050"]
[PlyCount "105"]
[EventDate "2007.12.27"]
[EventType "swiss"]
[EventRounds "7"]
[EventCountry "ITA"]
[SourceTitle "EXT 2024"]
[Source "ChessBase"]
[SourceDate "2023.10.10"]
[SourceVersion "1"]
[SourceVersionDate "2023.10.10"]
[SourceQuality "1"]

1. e4 e5 2. Nf3 Nc6 3. d4 exd4 4. c3 d5 5. exd5 Qxd5 6. cxd4 Nf6 7. Be2 Bb4+ 8. Nc3 0-0 9. 0-0 Bxc3 10. bxc3 Bg4 11. h3 Bh5 12. c4 Qe4 13. Bb2 Rfe8 14. Re1 Nb4 15. Qd2 Qc2 16. Qxb4 Rxe2 17. Rxe2 Qxe2 18. Re1 Qc2 19. Qxb7 Bxf3 20. gxf3 Re8 21. Rxe8+ Nxe8 22. Qc6 Qe2 23. Ba3 h6 24. Qa8 g6 25. Kg2 Kg7 26. Qe4 Qxe4 27. fxe4 Kf6 28. Bc1 Ke6 29. f4 Nd6 30. d5+ Kd7 31. Kf3 Nxc4 32. Ke2 Kd6 33. Kd3 Kc5 34. Kc3 a6 35. h4 h5 36. Kd3 f5 37. a3 fxe4+ 38. Kxe4 Nd6+ 39. Ke5 Nf5 40. Ke6 Nxh4 41. Be3+ Kc4 42. Bb6 Nf5 43. Bxc7 h4 44. Bb6 h3 45. Bg1 Nd4+ 46. Bxd4 h2 47. d6 h1Q 48. Be5 Kc5 49. d7 Qh3+ 50. Ke7 Qh4+ 51. Bf6 Qh7+ 52. Ke6 Qg8+ 53. Ke7 1/2-1/2

[Event "Venice Autumn op 13th"]
[Site "Venice"]
[Date "2007.11.01"]
[Round "1"]
[White "Solinas, Carlo"]
[Black "Vianello, Enrico"]
[Result "1-0"]
[WhiteElo "2050"]
[BlackElo "2169"]
[PlyCount "115"]
[EventDate "2007.11.01"]
[EventType "swiss"]
[EventRounds "6"]
[EventCountry "ITA"]
[SourceTitle "EXT 2008"]
[Source "ChessBase"]
[SourceDate "2007.11.25"]
[SourceVersion "1"]
[SourceVersionDate "2007.11.25"]
[SourceQuality "1"]

1. e4 d6 2. d4 Nf6 3. Bd3 e5 4. c3 Be7 5. h3 exd4 6. cxd4 d5 7. e5 Nfd7 8. Qh5 g6 9. Qh6 Bf8 10. Qf4 Bg7 11. Nc3 c5 12. Nf3 Nc6 13. 0-0 cxd4 14. e6 fxe6 15. Nb5 Nde5 16. Nxe5 Bxe5 17. Qh6 a6 18. Bg5 Qd7 19. f4 Bg7 20. Nd6+ Qxd6 21. Qxg7 Qf8 22. Qc7 Qf7 23. Qb6 0-0 24. Rac1 Qd7 25. b4 Kg7 26. a4 h6 27. Bh4 Qd6 28. b5 axb5 29. axb5 Qb4 30. Rxc6 bxc6 31. Qc7+ Rf7 32. Qe5+ Kh7 33. Qh5 Rf5 34. Qe2 Ra3 35. Be1 Qd6 36. Bxf5 gxf5 37. Qb2 Ra4 38. Bd2 cxb5 39. Qxb5 Ra2 40. Bb4 Qd7 41. Qb6 Qg7 42. Rf2 Rxf2 43. Kxf2 d3 44. Bd2 Qb7 45. Qd4 Qe7 46. Bc3 Ba6 47. Qh8+ Kg6 48. Qg8+ Kh5 49. Kf3 d4 50. g4+ Kh4 51. Qg6 Bb7+ 52. Kf2 Kxh3 53. g5 Kg4 54. gxh6+ Kxf4 55. Bd2+ Ke4 56. Qg2+ Ke5 57. Qg7+ Kd6 58. Bb4+ 1-0